000 00446nam a2200193Ia 4500
005 20240823044949.0
008 240823s9999||||xx |||||||||||||| ||und||
020 _a978-0-521-14144-4
041 _aENGLISH
082 _A589.3 P9
100 _aRobert Edward Lee
245 0 _aPhycology
250 _a4th
260 _c2009
_bCambridege University Press
500 _aYES
650 _aPhycology
_bGeneral
942 _cBK
999 _c213845
_d213845